Statistics for Historical Timeline of China

Click here to take the quiz!

General Stats

  • This quiz has been taken 60 times
  • The average score is 15 of 21

Answer Stats

YearHintAnswer% Correct
1949People's Republic of C____People's Republic of China
96%
1912Republic of C____Republic of China
96%
221 BCQi_ DynastyQin Dynasty
96%
1368Mi__ DynastyMing Dynasty
96%
206 BCHa_ DynastyHan Dynasty
93%
1046 BCZh__ DynastyZhou Dynasty
91%
265Ji_ DynastyJin Dynasty
91%
618Ta__ DynastyTang Dynasty
91%
960So__ DynastySong Dynasty
80%
1644Man___ (Qing) DynastyManchu (Qing) Dynasty
76%
1300 BCSh___ DynastyShang Dynasty
76%
771 BCS_____ and AutumnSpring and Autumn
73%
1234Mon___ (Yuan) DynastyMongol (Yuan) Dynasty
69%
476 BCWar___ StatesWarring States
69%
222T____ KingdomsThree Kingdoms
64%
581Su_ DynastySui Dynasty
62%
386N_______ and S_______ DynastiesNorthern and Southern Dynasties
47%
304Six____ KingdomsSixteen Kingdoms
40%
907F___ Dynasties and T__ KingdomsFive Dynasties and Ten Kingdoms
38%
1127Jur____ (Jin) DynastyJurchen (Jin) Dynasty
29%
907Khi___ (Liao) DynastyKhitan (Liao) Dynasty
22%

Score Distribution

Percentile by Number Answered

Percent of People with Each Score

Your Score History

You have not taken this quiz